00740nam a2200205 a 450000100060000000300090000600500170001500800410003202000180007304000280009104100080011908200160012724501090014326001110025230000330036350400400039665000460043670000390048285200130052124723CO-ViMGA20230915232015.0141112s2004 ck r 000 u spa d a9788498353105 aCO-ViMGAbspacCO-ViMGA aspa04a616.2 M15a10aManual de neumología pediátrica / ccoordinadores Anselmo Andrés Martín, José Valverde Molina. aMadrid : bEditorial Médica PanAméricana : bSociedad Española de Neumología Pediátrica, c2011. axvii, 461 p. : il. ; 28 cm. aIncluye bibliografías e índice.14aEnfermedades respiratorias pediátricas.1 aMartín, Anselmo Andrés, coord. 17.648.30